| 000 | 00937nam a2200229 a 4500 | ||
|---|---|---|---|
| 999 |
_c447011 _d447011 |
||
| 003 | BLK | ||
| 005 | 20230808085817.0 | ||
| 008 | 220302b bul|||||r ||||||| ||bul|| | ||
| 040 | _aBLK | ||
| 041 |
_aBUL _cBUL |
||
| 080 |
_aГимнастика. Лека атлетика. Акробатика. Вж и 615.825.1; 791.86; 796.8; 796.91 ; Тежка атлетика вж 796.8 _b796.4 _x(062) _z796.4(062) |
||
| 139 | _bМ 45 | ||
| 245 | 1 | 0 |
_aМеждународен турнир по лека атлетика "Младост", ХІV, 1983 г. _h[Малотир. изд.] |
| 260 |
_aб. м. _bб. и. _c1980 |
||
| 300 |
_a23 с. _bсъс сн. _c23 см |
||
| 380 | _a79 | ||
| 500 | _aБълг. федерация Лека атлетика, Окр. съвет на БСФС - Русе | ||
| 653 | 7 |
_9189771 _aлека атлетика |
|
| 852 |
_aК 796/799/М 45 _bК |
||
| 942 |
_cKNG _n0 _s1 _01 |
||
| 944 |
_aCR _c2022-03-02 _k30570 _lМоника Янева |
||